Geography Quiz

Random Geography or City Quiz

US Cities by Time Zone: Central Quiz Stats

 Plays Quiz Updated Oct 8, 2018

Challenge
Share
Tweet
Embed
Score 0/30 Timer 08:00
0 Plays Today
Rank City % Correct
1Chicago, Illinois
96.9%
4Dallas, Texas
92.4%
2Houston, Texas
91.2%
18St Louis, Missouri
87.9%
11Kansas City, Missouri
86.3%
13Minneapolis, Minnesota
82.4%
9Oklahoma City, Oklahoma
81.9%
17New Orleans, Louisiana
81.9%
5Austin, Texas
79.9%
3San Antonio, Texas
79.9%
20St Paul, Minnesota
76.9%
10Milwaukee, Wisconsin
69.6%
30Des Moines, Iowa
68%
8Nashville, Tennessee
67.3%
7Memphis, Tennessee
66.3%
Rank City % Correct
12Omaha, Nebraska
63.2%
24Madison, Wisconsin
62.8%
6Fort Worth, Texas
61.6%
22Lincoln, Nebraska
59.1%
27Baton Rouge, Louisiana
58.7%
14Tulsa, Oklahoma
52.4%
29Birmingham, Alabama
42.3%
15Wichita, Kansas
39.8%
16Arlington, Texas
28.8%
19Corpus Christi, Texas
28.1%
25Lubbock, Texas
25%
21Plano, Texas
18.7%
28Irving, Texas
14%
23Laredo, Texas
13.7%
26Garland, Texas
10.9%

You're not logged in!

Compare scores with friends on all Sporcle quizzes.
Join for Free
OR
Log In

You Might Also Like...

Show Comments

Extras

Top Quizzes Today


Score Distribution

Your Account Isn't Verified!

In order to create a playlist on Sporcle, you need to verify the email address you used during registration. Go to your Sporcle Settings to finish the process.

Report this User

Report this user for behavior that violates our Community Guidelines.

Details: